| 000 | 00463nam a2200169Ia 4500 | ||
|---|---|---|---|
| 003 | GCL | ||
| 008 | 140319s9999 xx 000 0 ara d | ||
| 040 |
_aGCL / _cGCL |
||
| 082 | 0 | 4 |
_a813 _bا ش |
| 100 | 1 | _aشوقى عبدالحكيم | |
| 245 | 1 | 0 |
_aاحزان نوح / _cشوقى عبدالحكيم |
| 300 | _a180 ص | ||
| 490 |
_aالكتاب الماسى _v0 |
||
| 650 | 0 | 4 | _aالادب العربى |
| 650 | 0 | 4 | _aالقصص العربية |
| 942 |
_2ddc _cBK |
||
| 999 |
_c47495 _d47495 |
||